| 000 | 01070nam a22003377a 4500 | ||
|---|---|---|---|
| 003 | CHAP | ||
| 005 | 20220329134230.0 | ||
| 008 | 971013s1980 r 00010 d | ||
| 010 | _a17356 | ||
| 011 | _a18328 | ||
| 035 | _a22413 | ||
| 040 | _cCHAP | ||
| 090 | _aFolleto 7145 | ||
| 100 | 0 | 0 |
_aHulse, Joseph H. _eed. _956856 |
| 245 | _aPolyphenols in cereals and legumes; proceedings of a symposium held during ... | ||
| 260 |
_aOttawa : _bInternational Development Research Centre, _c1980 |
||
| 300 |
_a72 p. _b: ilus. ; gráfs. |
||
| 490 | _aIDRC-145e | ||
| 590 |
_aBATCH-UPD _b10 _c20130110 _lUCH01 _h1438 |
||
| 590 |
_aBATCH-UPD _b10 _c20130410 _lUCH01 _h0911 |
||
| 590 |
_aBATCH-UPD _b10 _c20130914 _lUCH01 _h1819 |
||
| 590 |
_aCONVERSION _b10 _c20130109 _lUCH01 _h1311 |
||
| 650 | 1 | 4 |
_aMijo _xValor nutritivo. _975661 |
| 650 | 1 | 4 |
_aQuímica agrícola. _993576 |
| 650 | 1 | 4 |
_aSorgo _xValor nutritivo. _9108733 |
| 650 | 1 | 4 |
_aTaninos. _9111590 |
| 830 | 0 |
_aIDRC-145e _957305 |
|
| 901 | _aBK | ||
| 942 | _cFOLL | ||
| 949 |
_aFolleto 7145 _bBC _cFOLL _d-52483 _eTS1 _i22413 _si |
||
| 999 |
_c17356 _d17356 |
||